Disours sur les sciences et les arts : (Record no. 39420)

MARC details
000 -LEADER
fixed length control field 00692 a2200205 4500
003 - CONTROL NUMBER IDENTIFIER
control field 0
005 - DATE AND TIME OF LATEST TRANSACTION
control field 20160609161548.0
008 - FIXED-LENGTH DATA ELEMENTS--GENERAL INFORMATION
fixed length control field 110518t xxu||||| |||| 00| 0 eng d
040 ## - SOURCE DU CATALOGAGE
Original cataloging agency BUAC
Language of cataloging Fre
Transcribing agency BUC
041 ## - CODE DE LANGUE
Language code of text/sound track or separate title Fre
100 ## - VEDETTE PRINCIPALE - NOM DE PERSONNE
Language of a work Fre
Personal name Rousseau, Jean-Jacques
9 (RLIN) 17163
245 ## - TITLE STATEMENT
Title Disours sur les sciences et les arts :
Remainder of title Discours sur l'origine et les fondements de l'inégalités parmis les hommesde l'inégalité
Statement of responsibility, etc Jean-Jacques Rousseau
260 ## - PUBLICATION, DISTRIBUTION, ETC. (IMPRINT)
Place of publication, distribution, etc Paris
Name of publisher, distributor, etc Flammarion
Date of publication, distribution, etc 1971
300 ## - PHYSICAL DESCRIPTION
Extent 243 p .
Dimensions 18 cm .
440 ## - SERIES STATEMENT/ADDED ENTRY--TITLE
Title (GF Flammarion)
9 (RLIN) 17164
630 ## - SUBJECT ADDED ENTRY--UNIFORM TITLE
Uniform title PHILOSOPHIE
9 (RLIN) 17165
650 ## - SUBJECT ADDED ENTRY--TOPICAL TERM
Topical term or geographic name as entry element Morale : philosophie
9 (RLIN) 17166
650 ## - SUBJECT ADDED ENTRY--TOPICAL TERM
Topical term or geographic name as entry element Inégalité : philosophie
9 (RLIN) 17167
942 ## - ADDED ENTRY ELEMENTS (KOHA)
Koha item type Livre
Holdings
Withdrawn status Lost status Damaged status Not for loan Location (home branch) Sublocation or collection (holding branch) Date acquired Source of acquisition Koha issues (times borrowed) Koha full call number Koha date last seen Copy number Price effective from Koha item type
        Bibliothèque Universitaire Centrale Bibliothèque Universitaire Centrale   ACHAT   140 ROU 16/07/2010 1 16/07/2010 Livre
        Bibliothèque Universitaire Centrale Bibliothèque Universitaire Centrale   ACHAT   140 ROU 16/07/2010 2 16/07/2010 Livre
        Bibliothèque Universitaire Centrale Bibliothèque Universitaire Centrale   ACHAT   140 ROU 16/07/2010 3 16/07/2010 Livre


© 2008, Bibliothèques de l'Université d'Abomey-Calavi

04 BP 789 Cotonou, Tél. : +229 21 36 01 01, Fax : +229 21 35 06 32

Courriel : bu@bu.uac.bj